Central Library OPAC University of Rajshahi

Australia : (Record no. 29571)

MARC details
000 -LEADER
fixed length control field 00820nam a2200265 a 4500
001 - CONTROL NUMBER
control field 29571
003 - CONTROL NUMBER IDENTIFIER
rucl marc code BD-RjUL
005 - DATE AND TIME OF LATEST TRANSACTION
control field 20211209051429.0
008 - FIXED-LENGTH DATA ELEMENTS--GENERAL INFORMATION
fixed length control field 140403r19711955enkaf b 001 0 eng d
020 ## - INTERNATIONAL STANDARD BOOK NUMBER
International Standard Book Number 0207942838
035 ## - SYSTEM CONTROL NUMBER
System control number (BD-RjUL)29656
040 ## - CATALOGING SOURCE
Original cataloging agency LC
Language of cataloging eng
Transcribing agency LC
Modifying agency XNTU
-- BD-RjUL
041 ## - LANGUAGE CODE
Language code of text/sound track or separate title eng
082 04 - DEWEY DECIMAL CLASSIFICATION NUMBER
Classification number 994
Author mark and year AUS 1971
245 00 - TITLE STATEMENT
Title Australia :
Remainder of title a social and political history /
Statement of responsibility, etc. edited by Gordon Greenwood.
260 ## - PUBLICATION, DISTRIBUTION, ETC. (IMPRINT)
Place of publication, distribution, etc. London :
Name of publisher, distributor, etc. Angus & Robertson,
Date of publication, distribution, etc. 1955 [reprinted 1971].
300 ## - PHYSICAL DESCRIPTION
Pagination xii, 465 p., [15] leaves of plates :
Illustrations ill. ;
Size 22 cm.
504 ## - BIBLIOGRAPHY, ETC. NOTE
Bibliography, etc Bibliography: p. [438]-447.and index.
651 #0 - SUBJECT ADDED ENTRY--GEOGRAPHIC NAME
Geographic name Australia
General subdivision History.
9 (RLIN) 90120
700 1# - ADDED ENTRY--PERSONAL NAME
Personal name Greenwood, Gordon,
Dates associated with a name 1913-1986.
942 ## - ADDED ENTRY ELEMENTS (KOHA)
Source of classification or shelving scheme Dewey Decimal Classification
Koha item type Books
Holdings
Lost status Source of classification or shelving scheme Damaged status Not for loan Collection code Permanent Location Current Location Shelving location Date acquired Source of acquisition Total Checkouts Full call number Date last seen Copy number Koha item type
  Dewey Decimal Classification     Non-fiction Central Library, University of Rajshahi Central Library, University of Rajshahi   14/09/1973 Author, Gift.   994 AUS 1971 03/04/2014 C-2 Books